<?xml version="1.0" encoding="UTF-8"?>
<record
    xmlns:xsi="http://www.w3.org/2001/XMLSchema-instance"
    xsi:schemaLocation="http://www.loc.gov/MARC21/slim http://www.loc.gov/standards/marcxml/schema/MARC21slim.xsd"
    xmlns="http://www.loc.gov/MARC21/slim">

  <leader>00806naa a22002297i 4500</leader>
  <controlfield tag="001">195462</controlfield>
  <controlfield tag="003">ES-MaBCM</controlfield>
  <controlfield tag="005">20230301074004.0</controlfield>
  <controlfield tag="008">140117b2013    sp ||||| |||| 00| 0 spa d</controlfield>
  <datafield tag="021" ind1=" " ind2=" ">
    <subfield code="a">xx</subfield>
  </datafield>
  <datafield tag="035" ind1=" " ind2=" ">
    <subfield code="a">(OCoLC)1365271868</subfield>
  </datafield>
  <datafield tag="040" ind1=" " ind2=" ">
    <subfield code="c">ES-MaBCM</subfield>
  </datafield>
  <datafield tag="100" ind1=" " ind2=" ">
    <subfield code="a">P&#xE9;rez P&#xE9;rez, Juan Jos&#xE9;</subfield>
  </datafield>
  <datafield tag="245" ind1=" " ind2=" ">
    <subfield code="a">Ned Natura 2000</subfield>
    <subfield code="b">: margen de la importancia comunitaria de los lugares y situaci&#xF3;n actual de la Gipuzkoa</subfield>
    <subfield code="c">Juan Jos&#xE9; P&#xE9;rez P&#xE9;rez</subfield>
  </datafield>
  <datafield tag="650" ind1="2" ind2="7">
    <subfield code="a">Protecci&#xF3;n de la flora</subfield>
    <subfield code="9">59956</subfield>
  </datafield>
  <datafield tag="650" ind1="2" ind2="7">
    <subfield code="a">Medio natural</subfield>
    <subfield code="9">59383</subfield>
  </datafield>
  <datafield tag="651" ind1=" " ind2="4">
    <subfield code="a">Pa&#xED;ses de la Uni&#xF3;n Europea</subfield>
    <subfield code="9">115358</subfield>
  </datafield>
  <datafield tag="651" ind1=" " ind2="4">
    <subfield code="a">Guip&#xFA;zcoa</subfield>
  </datafield>
  <datafield tag="650" ind1="2" ind2="7">
    <subfield code="a">Protecci&#xF3;n de la fauna</subfield>
    <subfield code="9">59952</subfield>
  </datafield>
  <datafield tag="773" ind1="0" ind2=" ">
    <subfield code="a">En</subfield>
    <subfield code="d">O&#xF1;ati</subfield>
    <subfield code="g">N. 97 (sept.-dic. 2013), p. 379-420</subfield>
    <subfield code="t">Revista vasca de administraci&#xF3;n p&#xFA;blica </subfield>
    <subfield code="w">104664</subfield>
  </datafield>
  <datafield tag="942" ind1=" " ind2=" ">
    <subfield code="2">udc</subfield>
    <subfield code="c">AREV</subfield>
  </datafield>
  <datafield tag="999" ind1=" " ind2=" ">
    <subfield code="c">195462</subfield>
    <subfield code="d">195462</subfield>
  </datafield>
  <datafield tag="952" ind1=" " ind2=" ">
    <subfield code="0">0</subfield>
    <subfield code="1">0</subfield>
    <subfield code="2">udc</subfield>
    <subfield code="4">0</subfield>
    <subfield code="7">0</subfield>
    <subfield code="a">BC</subfield>
    <subfield code="b">BC</subfield>
    <subfield code="d">2014-01-17</subfield>
    <subfield code="e">C</subfield>
    <subfield code="l">0</subfield>
    <subfield code="r">2014-01-17 00:00:00</subfield>
    <subfield code="w">2014-01-17</subfield>
    <subfield code="y">AREV</subfield>
  </datafield>
</record>
